000 00694nam a22002297a 4500
005 20241021122833.0
008 110816t xxu||||| |||| 00| 0 eng d
010 _aENG-103508 ENG-142197
020 _a9789380077093
_c75.00
020 _a9788196796211
035 _aEN-87041
035 _aEN-125729
037 _bDBAD
040 _aDPL
082 _a215
100 _932849
_aDavidson, John
245 _aOne being one/
_cby John Davidson
260 _aNew Delhi
_bScience of the Soul Research Centre
_c2010
270 _ac/o Radha Soami Satsang Beas,5 Guru Ravi Dass Marg,Pusa Road
_bNew Delhi
_e110005
300 _a191p.
_c22cm(Hb)
942 _2ddc
_cEN
_mDAV
_h215
999 _c55518
_d55518